00777nam a22002057a 450000500170000001000150001702000260003203500130005803700130007108200120008410000160009624501070011226000320021927000780025130000240032950000500035394200260040399900170042995201250044620150811123540.0 aENG-113636 a9781138020160c850.00 aEN-97168 bDBAD/PUB a954.035 aHilal Ahmed aMuslim political discourse in postcolonial India :cby Hilal Ahmedbmonuments, memory, contestation / aNew DelhibRoutledge c2014 a912 Tolstoy House, 15-17 Tolstoy Marg, Connaught PlacebNew Delhie110001 axvi,328p.c23cm(Hb) aIncludes bibliographical references and index 2ddccENmHILh954.035 c95174d95174 001040718NFICaDBADbDBADd2015-07-22eDBAD/PUBg850.00l0o954.035 HILpEN-97168r2015-07-22 00:00:00t1v850.00yEN